|
|
|
|
| LEADER |
00000nam0a2200000 4500 |
| 001 |
14483 |
| 005 |
20260413094315.0 |
| 010 |
|
|
|a 5884390106
|
| 035 |
|
|
|a (RuTPU)RU\TPU\book\14576
|
| 035 |
|
|
|a BOOK00014644
|
| 090 |
|
|
|a 14483
|
| 100 |
|
|
|a 20011209d1999 km y0rusy50 ca
|
| 101 |
0 |
|
|a rus
|
| 102 |
|
|
|a RU
|
| 105 |
|
|
|a y z 000zy
|
| 200 |
1 |
|
|a Издательства в процессе перемен. Проблемы и перспективы развития учебного и научного книгоиздания в высшей школе и его нормативно-правовое регулирование
|e сборник
|
| 210 |
|
|
|a Москва
|c Логос
|d 1999
|
| 215 |
|
|
|a 188 с.
|
| 225 |
1 |
|
|a Открытое общество
|
| 333 |
|
|
|a Исключено из фонда НТБ ТПУ
|
| 606 |
1 |
|
|a Издательское дело
|x Печать
|2 stltpush
|3 (RuTPU)RU\TPU\subj\12221
|9 39047
|
| 610 |
1 |
|
|a издательское дело
|
| 610 |
1 |
|
|a книгоиздание
|
| 610 |
1 |
|
|a учебное книгоиздание
|
| 610 |
1 |
|
|a научное книгоиздание
|
| 610 |
1 |
|
|a высшая школа
|
| 686 |
|
|
|a Ч617.1
|2 rubbk
|
| 801 |
|
0 |
|a RU
|b 63413507
|c 20011209
|g PSBO
|
| 801 |
|
2 |
|a RU
|b 63413507
|c 20220526
|g PSBO
|
| 942 |
|
|
|c BK
|